Fr. Conceicao Rodrigues College of Engineering

Mastering Autocad (Record no. 20575)

MARC details
000 -LEADER
fixed length control field 00262nam a2200133Ia 4500
082 ## - DEWEY DECIMAL CLASSIFICATION NUMBER
Item number OMU
100 ## - MAIN ENTRY--PERSONAL NAME
Personal name #N/A
245 ## - TITLE STATEMENT
Title Mastering Autocad
260 ## - PUBLICATION, DISTRIBUTION, ETC.
Name of publisher, distributor, etc. B.P.B.PUBL.
Place of publication, distribution, etc. New Delhi
546 ## - LANGUAGE NOTE
Language note ENGLISH
650 ## - SUBJECT ADDED ENTRY--TOPICAL TERM
Topical term or geographic name entry element Computers
654 ## - SUBJECT ADDED ENTRY--FACETED TOPICAL TERMS
Focus term AUTOCAD
942 ## - ADDED ENTRY ELEMENTS (KOHA)
Koha item type BOOK
Holdings
Withdrawn status Lost status Damaged status Not for loan Collection Home library Current library Date acquired Total Checkouts Full call number Barcode Date last seen Price effective from Koha item type
        CD Fr. Agnel's C.Rodrigues College of Engineering Fr. Agnel's C.Rodrigues College of Engineering 17/03/2023   OMU CD432 17/03/2023   BOOK